000 00682cab a2200229 4500
001 WB3514-37
008 090401t1999 xxu||||| |||| 00| 0 eng d
035 _a(Sirsi) u92726
041 _aeng
245 _aVts to `remain independent`
260 _c1999
350 _a0
490 _aEstates Gazette
_v(9914) 10 April 1999, 42(1)
520 _aA government report has found that the privatisation of Valuation Tribunals would be `inappropriate` and that they should remain local.
650 _aLOCAL GOVERNMENT
650 _aPRIVATISATION
650 _aREFORMS
650 _aVALUATION TRIBUNALS
690 _aRATING AND VALUATION
942 _n0
948 _c14/04/1999
999 _c58769
_d58769